Responses for Show #2934 - Thursday, May 8, 1997

1997 International Tournament final game 1.
From Stockholm, Sweden.

Contestants

[<< previous game]

Boris Levit, a film technician and audio editor from Israel

Per Gunnar Hillesoy, an assistant dean of students from Norway

Michael Daunt, an accountant from Canada

[next game >>]

Jeopardy! Round responses

MYTHOLOGY
(MYTOLOGI)
INTERNATIONAL POTPOURRI
(INTERNATIONELL BLANDNING)
NOVELS & NOVELISTS
(ROMANER & FORFATTARE)
COOKING
(MATLAGNING)
THE OSCARS
(OSCARS)
AIRPORT CODES
(FLYGPLATS KODER)
    $100 1
Mount Olympus

Boris
    $100 14
voodoo

Michael
    $100 6
Alexandre Dumas

Per Gunnar
    $100 23
sifting

Michael
    $100 18
Billy Crystal

Michael
    $100 26
Sydney

Per Gunnar
    $200 3
Pandora

Per Gunnar
    $200 10
Danube

Michael
    $200 7
Stephen King

Boris
    $200 24
(Boris: What are beans?)
(Corrected before FJ: Alex: Our researchers finally found a recipe for split bean soup!)

peas/beans

MichaelBoris
    $200 19
Tom Cruise

Michael
    $200 27
Amsterdam

Boris
    $300 4
the Minotaur

Boris
    $300 15
Maori

Michael
    $300 11
H.G. Wells

Per Gunnar
    $300 8
mold/bowl

Boris
    $300 20
Fargo

Michael
    $300 28
Moscow

Boris
    $400 5
swan

Per Gunnar
    $400 16
tango

Michael
    $400 12
Franz Kafka

Michael
    $400 9
spaetzle

Triple Stumper
    $400 21
Juliette Binoche

Per Gunnar
    $400 29
Dusseldorf (Germany)

Per Gunnar
    $500 2
Arachne

Michael
    $500 17
Swahili

Per Gunnar
    $500 13
Hermann Hesse

Per Gunnar
    $500 25
madrilene

Triple Stumper
    $500 22
(Michael: Who is David Gelfott?)

David Helfgott

Michael
Triple Stumper
    $600 30
LHR: London Heathrow Airport
(Per Gunnar: I hate this category!)
(Alex: Why?)
(Per Gunnar: I've traveled very little, I don't know them.)

Manchester

Per Gunnar

Scores at the first commercial break (after clue 11):

Michael Per Gunnar Boris
$700 $1,000 $900

Scores at the end of the Jeopardy! Round:

Michael Per Gunnar Boris
$2,300 $3,500 $1,600

Double Jeopardy! Round responses

WORLD FAMOUS
(VARLDSBEROMD)
COUNTRIES
(LANDER)
ASTRONOMY
(ASTRONOMI)
QUOTATIONS
(CITAT)
EXPLORERS
(UPPTACKARE)
TOUGH STUFF
(SVARA GREJER)
    $200 25
(Boris: Who is...[time]?)

Roberto Rossellini

Per GunnarBoris
    $200 6
Portugal

Boris
    $200 2
constellations

Boris
    $200 11
Aesop

Per Gunnar
    $200 16
Marco Polo

Michael
    $200 26
rats & children

Boris
    $400 24
Katarina Witt

Michael
    $400 7
Monaco

Per Gunnar
    $400 3
Edmond Halley

Boris
    $400 12
Sir Arthur Conan Doyle

Per Gunnar
    $400 17
Sir Edmund Hillary

Per Gunnar
    $400 28
neon lights

Michael
    $2,000 23
George H.W. Bush

Michael
    $600 8
Andorra

Michael
    $600 4
asteroids

Michael
    $600 13
Confucius

Michael
    $3,500 18
Sir James Cook (Captain Cook)

Per Gunnar
    $600 27
gin

Michael
    $800 22
Mikhail Baryshnikov

Michael
    $800 9
Bolivia

Per Gunnar
    $800 5
nebula

Per Gunnar
    $800 14
Lord Nelson

Michael
    $800 19
Roald Amundsen

Per Gunnar
    $800 29
Kemal Ataturk

Michael
    $1000 21
Andy Warhol

Michael
    $1000 10
Sudan

Michael
    $1000 1
Ptolemy

Michael
    $1000 15
Jean-Jacques Rousseau

Michael
    $1000 20
Abel Tasman

Michael
    $1000 30
Serengeti

Per Gunnar

Scores at the end of the Double Jeopardy! Round:

Michael Per Gunnar Boris
$15,100 $12,000 $2,400

Final Jeopardy! Round responses

ROYAL COUPLES
BorisWho was onasis?
$2,400
Per GunnarWho is Juan Carlos?
$10,000
MichaelWho is Juan Carlos?
$5,100
King Juan Carlos of Spain

Final scores:

Michael Per Gunnar Boris
$20,200 $22,000 $0

Game dynamics:

Coryat scores:

Michael Per Gunnar Boris
$13,700 $9,000 $2,400
27 R
(including 1 DD),
1 W
20 R
(including 2 DDs),
0 W
11 R,
1 W

Combined Coryat: $25,100

[game clues] [game scores] [suggest correction]

Game tape date: 1997-04-19
The J! Archive is created by fans, for fans. Scraping, republication, monetization, and malicious use prohibited; this site may use cookies and collect identifying information. See terms. The Jeopardy! game show and all elements thereof, including but not limited to copyright and trademark thereto, are the property of Jeopardy Productions, Inc. and are protected under law. This website is not affiliated with, sponsored by, or operated by Jeopardy Productions, Inc. Join the discussion at JBoard.tv.